01878 a2200301 45000010006000000050017000060080041000230030015000640400040000790800039001192450059001580200022002172500013002392640109002523000019003615050734003801000026011147000034011407000036011747000037012107000017012477000018012647000019012827000023013017000087013247000058014118560107014691335920260407155442.0260407a2004 arg spa dAR-UNSa-BCEJYS aAR-UNSa-BCEJYSbspacAR-UNSa-BCEJYS a657.6xAuditoria (control interno)10aManual de auditoríaparea auditoría. Informe Nº 5 a978-950-9687-97-4 a10a. ed. 1aBuenos Aires :bFACPCE (Federación Argentina de Consejos Profesionales de Ciencias Económicas)c2004 a527 p.c22 cm. a1. Conceptos generales - 2. Auditoria como proceso de formación de un juicio - 3. Planificación de la auditoria - 4.Evaluación de los controles - 5. Las pruebas en auditoria - 6. Papeles de trabajo - 7.Caja y Bancos - 8. Créditos y ventas - 9. Bienes de cambio y costo de ventas - 10. Inversiones y sus resultados - 11. Bienes de uso y amortizaciones - 12. Activos intangibles - 13. Compras y deudas - 14. Previsiones - 15. Patrimonio neto - 16. Estado de resultados - 17. Información complementaria - 18. Estado de variaciones en el capital corriente de origen y aplicación de los fondos - 19. Trabajos finales - 20. Informes el auditor - 21. Pautas para el examen de estados contables en un contexto computarizado. 1 aLattuca, Antonio Juan1 aMora, Cayetano Angel Víctor1 aEscribano Martínez, Florencio1 aRodríguez Rodríguez, Ernesto1 aBrojt, David1 aGallo, Daniel1 aRoura, Osvaldo1 aDe Lellis, Ricardo1 aFederación Argentina de Consejos Profesionales de Ciencias Económicas (FACPCE)1 aCentro de Estudios Científicos y Técnicos (CECYT)41uhttps://biblioeco.unsa.edu.ar/pmb/images/libros/manual de auditoria.jpgyImagen de portadaqimage/jpeg